000 00644nam a22002411 4500
001 278236
003 OSt
005 20180404143604.0
008 840615s1962 maua 000 0 eng
020 _a978-0-521-66477-6
040 _cCRI
082 _a823
100 1 _aScott-Malden, Sarah
_939807
245 2 0 _aA picture to remember
_cSarah Scott; Editor: Philip Prowse.
260 _aNew York
_bcambridge
_c2003
300 _a48 p.
_bil.
_c19.5cm
490 _aPhilip Prowse
500 _aÍndice: p. [3]
505 _aLevel 2.
650 0 _911162
_aNovela inglesa
700 1 _918140
_aProwse, Philip
942 _2ddc
_cBK
_hprozim
999 _c25990
_d25990